000
00315nam a22001337a 4500
008
170828b xxu||||| |||| 00| 0 eng d
020
_a
9780205377756
041
_a
eng
080
_2
6 ED
_a
070
100
_a
39
101
_a
MED
245
_a
THE MEDIA OF MASS COMMUNICATION
_c
VIVIAN.J
942
_2
udc
_c
BK
999
_c
25173
_d
25173